| 000 | 00825nam a2200217 i 4500 | ||
|---|---|---|---|
| 001 | 39806 | ||
| 003 | ES-MaACL | ||
| 005 | 20250909195804.0 | ||
| 007 | t| | ||
| 008 | 030304s1975 sp ||||1| spa d | ||
| 100 | 1 |
_aCanteria y Martín de Tovar, Francisco. _934645 |
|
| 245 | 1 | 0 |
_aVida y obra del primer Conde de Regla / _cFrancisco Canteria y Martín de Tovar ; prólogo de José Antonio Calderón de Quijano. |
| 250 | _a[1ª ed.]. | ||
| 260 |
_aSevilla : _bEscuela de Estudios Hispano-Americanos, _c1975. |
||
| 300 |
_aXVIII, 160 p., 6 lám. ; _c19 cm. |
||
| 600 | 0 | 4 |
_aRomero de Terreros, Pedro, _cConde de Regla _999380 |
| 700 | 1 |
_aCalderón Quijano, José Antonio. _933626 |
|
| 710 | 2 |
_aEscuela de Estudios Hispano-Americanos (Sevilla) _9134366 |
|
| 852 |
_aES-MaACL _jE-7785 _bR.91992 |
||
| 999 |
_c39806 _d39806 |
||